000 00211 a2200097 4500
001 47161
100 _aReid P
245 _aThe Colditz Story
260 _aLondon
_bHodder & Stoughton
_c
090 _c30217
_d30217
942 _aNUST-CAE
_cM
_c22467
999 _c282234
_d282234